• 首页
  • 本馆介绍
  • 公告通知
  • 最新文献
  • 馆藏检索
  • 电子资源
  • 读者导购
  • 参考咨询
  • 我的图书馆
  • 登录
  • 详细信息显示
  • 放入我的书架
  • 预约/预借图书
  • 作者相关作品
  • 分类相关作品
  • 丛书相关作品
  • 出版社相关作品

书目信息

  • 表格格式
  • 工作单格式
  • 卡片格式
题名:
论情节
    
 
作者: 冉欲达 著
分册:  
出版信息: 北京   新华出版社  1982.05
页数: 209页
开本: 19cm
丛书名:
单 册:
中图分类: I043
科图分类:
主题词: 文学创作--结构 , 文学创作--情节
电子资源:
ISBN:
000 00547nam0 2200217 45
001 0303050993
005 20060912165900.62
010    @dCNY0.60
091    @a10203.074
100    @a20030305d1982 km y0chiy0120 ea
101 0  @achi
105    @a z 000zy
200 1  @a论情节@ALun Qing Jie@f冉欲达著@FRan Yu Da Zhu
210    @a北京@c新华出版社@d1982.05
215    @a209页@d19cm
606 0  @a文学创作@x结构
606 0  @a文学创作@x情节
690    @aI043@v3
701  0 @a冉欲达@4著
801    @aCN@bTSTC@c20060912
905    @dI043@e43@f1@b95815
    
    论情节/冉欲达著.-北京:新华出版社,1982.05
    209页;19cm
    
    
    ISBN :CNY0.60
    
●
相关链接 在E读中查询图书 在五车中查询图书 在当当中查询图书 在豆瓣中查询图书


正题名:论情节     索取号:I043/43         预约/预借

序号 登录号 条形码 馆藏地/架位号 状态 备注
1 0095814   000906540   第一样本阅览室/ [索取号:I043/43] 在馆    
2 0095815   002018444   第二借阅区/ [索取号:I043/43] 在馆    
3 0095816   000906602   第二借阅区/ [索取号:I043/43] 在馆    
4 0095817   000906531   第二借阅区/ [索取号:I043/43] 在馆    
5 0095819   001883929   密集书库/ [索取号:I043/43] 在馆    
6 0095820   000906595   第二借阅区/ [索取号:I043/43] 在馆    
7 0095821   001884090   密集书库/ [索取号:I043/43] 在馆    
8 0095822   001884054   密集书库/ [索取号:I043/43] 在馆    
9 0095823   001884018   密集书库/ [索取号:I043/43] 在馆    
10 0215273   001883974   密集书库/ [索取号:I043/43] 在馆    
11 0215274   001883938   密集书库/ [索取号:I043/43] 在馆    
12 0215275   001884107   密集书库/ [索取号:I043/43] 在馆    
13 0229319   001757227   密集书库/ [索取号:I043/43] 在馆    
14 0229320   001757343   密集书库/ [索取号:I043/43] 在馆    
15 0229321   001757254   密集书库/ [索取号:I043/43] 在馆    
16 0229322   001757307   密集书库/ [索取号:I043/43] 在馆    
17 0229323   001757290   密集书库/ [索取号:I043/43] 在馆    
18 0229324   001757414   密集书库/ [索取号:I043/43] 在馆    
19 0229325   001757389   密集书库/ [索取号:I043/43] 在馆    
20 0229326   001757334   密集书库/ [索取号:I043/43] 在馆    
21 0229327   001757370   密集书库/ [索取号:I043/43] 在馆    
22 0229328   001757423   密集书库/ [索取号:I043/43] 在馆    
23 0229329   001757584   密集书库/ [索取号:I043/43] 在馆    
24 0229330   001757548   密集书库/ [索取号:I043/43] 在馆    
25 0229331   001757502   密集书库/ [索取号:I043/43] 在馆    
26 0229332   001757469   密集书库/ [索取号:I043/43] 在馆    
27 0229333   001757566   密集书库/ [索取号:I043/43] 在馆    
28 0229334   001757520   密集书库/ [索取号:I043/43] 在馆    
29 0229335   001757575   密集书库/ [索取号:I043/43] 在馆    
30 0229336   001757539   密集书库/ [索取号:I043/43] 在馆    
31 0475037   204750377   密集书库/ [索取号:I043/43] 在馆    
唐山师范学院图书馆 欢迎您!
大连网信软件有限公司© 版权所有